000 00721nam a2200217 4500
001 112230
003 ES-MaACL
005 20240417063040.0
007 t|
008 061121s1983 sp r ||||1| spa d
100 1 _aMuñoz Callejero, José María.
_984363
245 1 0 _aCalatayud, ciudad de las torres /
_cJosé María Muñoz Callejero.
260 _aZaragoza :
_bInstitución Fernando el Católico,
_c1983.
300 _a86 p. ;
_c24 cm.
490 1 _aColección "San Jorge" ;
_v33
710 2 _aInstitución "Fernando el Católico"
_94721
830 0 _aColección "San Jorge" ;
_v33
_9233115
852 _aES-MaACL
_jL-4071
_bR.104929
_9116474
_cDEPO2
942 _2udc
999 _c112230
_d112230